Bienvenido a nuestro catálago, Biblioteca Universidad Monteávila

Vista normal Vista MARC

Entrada Encabezamiento temático

Número de registros utilizados en: 1

001 - NÚMERO DE CONTROL

  • campo de control: 13988

003 - IDENTIFICADOR DEL NÚMERO DE CONTROL

  • campo de control: vecauma

005 - FECHA Y HORA DE LA ÚLTIMA TRANSACCIÓN

  • campo de control: 20260410204440.0

008 - DATOS DE LONGITUD FIJA

  • campo de control de longitud fija: 260410|| aca||aabn | a|a d

040 ## - FUENTE DE LA CATALOGACIÓN

  • Centro catalogador/agencia de origen: vecauma

053 ## - Número de clasificación LC

  • Número de clasificación–único número o número inicial: QA76.9.O35

150 ## - Materia

  • Encabezamiento temático: DISEÑO ORIENTADO A OBJETOS

450 ## - REFERENCIA DE “VEASE” MATERIA

  • Encabezamiento temático: Object-oriented methods (Computer science)

450 ## - REFERENCIA DE “VEASE” MATERIA

  • Encabezamiento temático: Desarrollo orientado a objetos

450 ## - REFERENCIA DE “VEASE” MATERIA

  • Encabezamiento temático: Métodos orientados a objetos

450 ## - REFERENCIA DE “VEASE” MATERIA

  • Encabezamiento temático: Tecnología orientada a objetos

550 ## - REFERENCIA DE "VEASE ADEMAS" MATERIA

  • Encabezamiento temático: DISEÑO DE SISTEMAS
  • Subcampo de control : g

670 ## - FUENTE EN LA QUE SE LOCALIZARON DATOS

  • Cita de la fuente: Catálogo de Autoridades de la Biblioteca Nacional de España,
  • Información localizada: (Diseño orientado a objetos)

670 ## - FUENTE EN LA QUE SE LOCALIZARON DATOS

  • Cita de la fuente: Catálogo de Autoridades de la Biblioteca del Congreso (LCSH),
  • Información localizada: [(Object-oriented methods (Computer science)]

Copyright @ UMA Library
Universidad Monteávila Caracas, Venezuela

Edif. Sede principal Universidad Monteávila. Av. El Buen Pastor. Boleíta Norte. Caracas. 
Customized by Universidad Monteávila

Con tecnología Koha